000 01196cam a22003014a 4500
001 14082164
005 20251105171129.0
008 050822s2007 mauab b 001 0 eng
020 _a007305223X
_qalk. paper
020 _a0073230626
_qset
020 _a9780073052236
020 _a9780073230627
050 0 0 _aT58.6
_b.H18 2007
082 0 0 _a658.4/038/011
_222
100 1 _aHaag, Stephen.
245 1 0 _aManagement information systems for the information age /
_cStephen Haag, Maeve Cummings, Amy Phillips.
250 _a6th ed.
260 _aBoston :
_bMcGraw-Hill/Irwin,
_cc2007.
300 _axxxii, 558 p. :
_bill. (chiefly col.), maps ;
_c29 cm. +
_e2 CD-ROMs (4 3/4 in.)
650 0 _aManagement information systems.
650 0 _aInformation technology.
700 1 _aCummings, Maeve.
700 1 _aPhillips, Amy
_q(Amy L.)
856 4 1 _3Table of contents only
_uhttp://www.loc.gov/catdir/enhancements/fy0665/2005053866-t.html
856 4 2 _3Publisher description
_uhttp://www.loc.gov/catdir/enhancements/fy0665/2005053866-d.html
856 4 2 _3Contributor biographical information
_uhttp://www.loc.gov/catdir/enhancements/fy0737/2005053866-b.html
942 _2lcc
_cBK
_e6th ed.
_n0
999 _c8093
_d8093